000 00868nam a2200229Ii 4500
003 JO-AjNU
008 230605s9999||||xx |||||||||||||| ||und||
017 _a2007/8/2610
020 _a978-9957-07-544-9
040 _aJO-AjNU
_bara
_erda
_cJO-AjNU
041 _aara
050 1 4 _aLC4704.M47312 2011
100 3 _aميرسر،سيسيل تأليف/ميرسر،آن م.مشارك/الجمال،رضا مسعد ترجمة/الزريقات،إبراهيم عبدالله ترجمة,
_eauthor
_923192
245 0 0 _aتدريس الطلبة ذوي مشكلات التعلم
250 _aط4
264 3 1 _aعمان:دار الفكر،2011
300 _a980ص
336 _atext
_btxt
_2rdacontent
337 _aunmediated
_bn
_2rdamedia
338 _avolume
_bnc
_2rdacarrier
650 4 _aصعوبات التعلم-طرق التعلم-التعليم الخاص
_923193
999 _aA8352
_c11920
_d11920